Didáctica general /
Guardado en:
| Autor Principal: | |
|---|---|
| Otros Autores: | |
| Formato: | Libro |
| Publicado: |
Buenos Aires :
Losada,
1953
|
| Edición: | 4a. ed. |
| Materias: | |
| Etiquetas: |
Agregar Etiqueta
Sin Etiquetas, Sea el primero en etiquetar este registro!
|
| LEADER | 00492nam a22001935a 4500 | ||
|---|---|---|---|
| 001 | CEM.cems006778 | ||
| 005 | 20060214000000.0 | ||
| 008 | 130507s1953##################000#0#####d | ||
| 003 | CEMS | ||
| 082 | 0 | 4 | |a 370.1 |
| 100 | 1 | |a Schmieder, A. | |
| 245 | 1 | 0 | |a Didáctica general / |
| 250 | |a 4a. ed. | ||
| 260 | |a Buenos Aires : |b Losada, |c 1953 | ||
| 300 | |a 178 p. | ||
| 653 | |a Didactica | ||
| 653 | |a Educacion | ||
| 700 | 1 | |a Schmieder, J. | |
| 859 | |a CEMS |b BIB. CEMS - 11 de abril |h 370.1 |i Sc56a4 |p 6532.78 |t Ej.1 | ||
